01019nam a2200181 i 4500001000700000003000900007005001700016007000300033008004100036100001700077245014000094260005000234300002700284505045100311651003200762700002100794852002200815128676ES-MaACL20230906193336.0t|070523s1921 fr ||||1| fre d1 aTassy, Edme.14aLes ressources du travail intellectuel en France / cpar Edme Tassy et Pierre Léris ; avec une préface de M. le Général Sebert. aParís : bGauthier-Villars et Cie., c1921. aXXI, 711 p. ; c23 cm.8 aContiene: Renseignements généraux. - Sociétés savantes. - Associations professionnelles. - Encouragements et aides financiers. - Créations diverses pour le perfectionnement des études et pour l'expansion intellectuelle. - Services et établissements scientifiques spéciaux. - Périodiques spéciaux. - Bibliothèques et dépôts d'archives. - Bibliothèques circulantes, d'échange, de prêt. - Indications bibliographiques 4aFrancia-xVida intelectual.1 aLéris, Pierre. aES-MaACLjE-13082